000 01298naa a22003377a 4500
001 BR5800108
003 BR-BrBNA
005 20240918172841.0
007 ta
008 230509b bl.||||| |||| 00| 0 por d
040 _aBR-BrBNA
_bpor
_cBiblioteca Nacional de Agricultura
041 _a(Pt)
072 _aL73
_b4150
_b3910
_b9600
090 _aL73 BR5800108
100 1 _aMacedo, J.J.
100 1 _aBrandao, C.H.
100 1 _aMonteiro, E.L.
111 1 _a5. Congresso Internacional de Microbiologia
_cRio de Janeiro, GB (Brazil)
_d17 Aug 1950
245 1 _aAcao da aureomicina sobre o dermacentroxenus rickettsi verificada experimentalmente em ovos embrionados
260 3 _aRio de Janeiro, GB (Brasil):
_bDepartamento de Imprensa Nacional,
_c1958.
500 _aAnon. Arquivos do 5. Congresso Internacional de Microbiologia Rio de Janeiro, GB (Brasil): Departamento de Imprensa Nacional, 1958. p. 574-575 (BR5800108-AM)L73
650 _aDoenca animal
650 _aAureomicina
650 _aAntibiotico
650 _aVirus
650 _aInoculacao
650 _aOvo
773 0 _tArquivos do 5. Congresso Internacional de Microbiologia
_aAnon.
_b
_wL73 BR5800108
_gRio de Janeiro, GB (Brasil), 1958. p. 574-575
909 _a202404
_bLucia
_c55
_dLucia Elande
942 _cAM
_2AGRIS
999 _c301724
_d301724